El mito del arte y el mito del pueblo cuestiones sobre arte popular
保存先:
| 第一著者: | |
|---|---|
| フォーマット: | 図書 |
| 言語: | Spanish |
| 出版事項: |
Paraguarí, PY
R.Peroni Ediciones Editorial El Gráfico
|
| 主題: | |
| タグ: |
タグ追加
タグなし, このレコードへの初めてのタグを付けませんか!
|
MARC
| LEADER | 00000nam a22000007a 4500 | ||
|---|---|---|---|
| 003 | cru CIDCACS/IIS | ||
| 005 | 20200925161201.0 | ||
| 008 | 170120b1986 PY o|||| |||| 00| | spa d | ||
| 040 | |a CRAI/IIS |c CRAI/IIS | ||
| 090 | |a 05.02.01 E74m | ||
| 100 | 1 | |9 1205 |a Escobar Argaña, Ticio | |
| 245 | 1 | 3 | |a El mito del arte y el mito del pueblo |b cuestiones sobre arte popular |c Tilcio Escobar; Textos de Cultura Popular Museo del Barro |
| 260 | |a Paraguarí, PY |b R.Peroni Ediciones |b Editorial El Gráfico | ||
| 300 | |a 170 páginas | ||
| 500 | |a Colección Alforja | ||
| 650 | 1 | 0 | |9 1206 |a ARTE POPULAR |
| 650 | 1 | 0 | |9 1001 |a MODERNIDAD |
| 650 | 1 | 0 | |9 1208 |a ARTESANOS |
| 650 | 1 | 0 | |9 1207 |a MITOS |
| 650 | 1 | 0 | |9 623 |a CULTURA POPULAR |
| 942 | |2 ddc |c LI | ||
| 999 | |c 18815 |d 18815 | ||
